000 00393nam a2200181Ia 4500
001 840
005 20260306140547.0
008 260306t2010||||xx |||||||||||||| ||spa||
041 _aESP
082 _a170
_bR75 2010
100 _aRodríguez Luño, Ángel
_eAUT
245 0 _aÉtica general
260 _c2010
300 _a
_c
650 _aGEN
654 _aCHU
942 _cLIB
_dJUS
_fJUS
_2ddc
_n
999 _c840
_d840